000 00760cam a22002053a 4500
001 37701
003 PGUSA
005 20140828083827.0
008 111010s2011||||xxu|||||s|||||000 | eng d
040 _aPGUSA
_beng
042 _adc
100 1 _aConway, Moncure Daniel,
_d1832-1907
245 1 4 _aThe Life Of Thomas Paine, Vol. I. (of II) :
_bWith A History of His Literary, Political and Religious Career in America France, and England; to which is added a Sketch of Paine by William Cobbett
_h[electronic resource] /
_cMoncure Daniel Conway
260 _bProject Gutenberg,
_c2011
506 _aPublic domain in the USA.
516 _aElectronic text
830 0 _aProject Gutenberg
_v37701
856 4 0 _uhttp://www.gutenberg.org/ebooks/37701
942 _cEB
999 _c266955
_d266955